[Event "Amber-rapid 02nd"]
[Site "Monte Carlo"]
[Date "1993.04.03"]
[Round "8"]
[White "Anand, Viswanathan"]
[Black "Karpov, Anatoly"]
[Result "0-1"]
[WhiteElo "2710"]
[BlackElo "2725"]
[PlyCount "136"]
[EventDate "1993.03.26"]
[EventType "tourn (rapid)"]
[EventRounds "11"]
[EventCountry "MNC"]
[EventCategory "15"]
[SourceTitle "CBM 034 Extra"]
[Source "ChessBase"]
[SourceDate "1993.07.01"]
[SourceVersion "1"]
[SourceVersionDate "1993.07.01"]
[SourceQuality "1"]

1. e4 c6 2. d4 d5 3. Nc3 dxe4 4. Nxe4 Nd7 5. Ng5 Ngf6 6. Bc4 e6 7. Qe2 Nb6 8.
Bb3 h6 9. N5f3 c5 10. Bf4 Nbd5 11. Be5 Qa5+ 12. Nd2 cxd4 13. Ngf3 Be7 14. Nxd4
O-O 15. O-O Bd7 16. c4 Nb4 17. N4f3 Nc6 18. Bc3 Qf5 19. a3 Rfd8 20. Rfd1 Be8
21. Nf1 Ne4 22. Be1 Ng5 23. Nxg5 Qxg5 24. Bc3 Bf6 25. Bxf6 Qxf6 26. Ng3 Nd4 27.
Qe3 Bc6 28. Ne2 Qg5 29. Qxg5 Nxe2+ 30. Kf1 hxg5 31. Rxd8+ Rxd8 32. Kxe2 Bxg2
33. Rg1 Bc6 34. Rxg5 Rd4 35. Rg3 Kf8 36. h3 Rh4 37. Ba2 e5 38. b3 Bd7 39. Bb1
Rxh3 40. Rxh3 Bxh3 41. c5 Bd7 42. b4 Ke7 43. Bc2 f5 44. a4 a6 45. Kd3 g5 46.
Kc4 Be6+ 47. Kc3 Kf6 48. b5 axb5 49. axb5 Bd5 50. Ba4 Ke7 51. Bc2 Ke6 52. c6
bxc6 53. b6 Kd6 54. Bxf5 c5 55. Kd3 Kc6 56. Bh7 Kxb6 57. Bf5 Kc7 58. Bh7 Kc6
59. Ke3 Kb5 60. Kd2 Kb4 61. Bf5 Kb3 62. Kc1 Kc3 63. Bc2 Bc4 64. Bf5 Bd3 65. Bc8
Kd4 66. Bb7 c4 67. Kd2 c3+ 68. Kd1 e4 0-1

[Event "Las Palmas"]
[Site "Las Palmas"]
[Date "1993.??.??"]
[Round "1"]
[White "Christiansen, Larry Mark"]
[Black "Anand, Viswanathan"]
[Result "1/2-1/2"]
[WhiteElo "2620"]
[BlackElo "2710"]
[Annotator "Ftacnik,L"]
[PlyCount "65"]
[EventDate "1993.06.??"]
[EventType "tourn"]
[EventRounds "9"]
[EventCountry "ESP"]
[EventCategory "16"]
[SourceTitle "CBM 036"]
[Source "ChessBase"]
[SourceDate "1993.10.01"]
[SourceVersion "1"]
[SourceVersionDate "1993.10.01"]
[SourceQuality "1"]

1. d4 {Anand} d5 2. c4 dxc4 3. Nf3 a6 4. e3 Nf6 5. Bxc4 e6 6. O-O c5 7. Qe2 b5
8. Bb3 Bb7 9. Rd1 Nbd7 10. Nc3 Qc7 11. e4 (11. d5 {Anand} exd5 12. Nxd5 Nxd5
13. Bxd5 Bxd5 14. Rxd5 Qb7 {Transposes back to the main line}) 11... cxd4 12.
Nxd4 Nc5 13. Bg5 (13. f3 Be7 14. Be3 O-O 15. Rac1 Rac8 16. Bc2 Qb8 (16... Rfd8
17. a3 Qb8 18. Nb3 Nxb3 19. Bxb3 Bd6 20. g3 Be5 21. Rxd8+ Rxd8 22. Rd1 h5 23.
Rxd8+ Qxd8 24. Qd2 $10 {Salov,V-Chernin,A/Wijk aan Zee/1991/0.5 (49)}) 17. Nb3
Nxb3 18. Bxb3 Rfd8 19. Rxd8+ Rxd8 20. Rd1 Bd6 21. g3 Be5 22. Rxd8+ Qxd8 23. Nd1
Nd7 24. Nf2 $10 {Andersson,U-Ribli,Z/EUCup (Lyon-Bayern)/1991/0.5 (30)}) (13.
e5 Nfd7 14. Bf4 b4 (14... Nxb3 15. axb3 Be7 16. Rac1 Qb6 17. Be3 Qa5 18. f4 b4
19. Na4 Bd5 20. Qg4 O-O 21. Nc6 Bxc6 22. Rxc6 Rfd8 23. Qe2 Qb5 24. Qc4 $14 {
Farago,I-Dobosz,H/Lodz/1980/1-0 (43)}) (14... Be7 15. Bc2 b4 16. Ne4 Nxe4 17.
Bxe4 Nc5 18. Rac1 Qb6 19. Bxb7 Qxb7 20. Qg4 g6 21. Bg5 $16 {Kharitonov,
A-Gorbatov,A/Liningrad op/1991/}) 15. Na4 Nxb3 16. axb3 Bd5 17. Rac1 Qb7 18. h4
Be7 19. Qg4 g6 20. Rd3 Rc8 21. Rcd1 h6 22. Nf3 Bc6 23. Nd4 Bd5 24. Nf3 $13 {
Levitt,J-Chernin,A/Protvino/1988/0.5 (26)}) 13... Bd6 (13... Ncxe4 14. Nxe4
Nxe4 15. Rac1 (15. Nxb5 $1 {Anand} axb5 16. Qxb5+ Bc6 (16... Qc6 17. Qxb7 $1
$18) 17. Ba4 $1 Rxa4 18. Qxc6+ $1 $18) 15... Bc5 16. Bxe6 $1 O-O (16... fxe6
17. Nxe6 Bxf2+ 18. Qxf2 Qe5 19. Nc7+ Qxc7 20. Rxc7 Nxf2 21. Re1+ $18) (16...
Qb6 17. Bf5 Bxd4 18. Bxe4 $18) 17. Be3 fxe6 (17... Qb6 18. Bd7 Rad8 19. b4 $1)
18. Nxe6 Qc6 19. Qg4 Rf7 20. Nxc5 $16) (13... Nfxe4 $2 14. Nxe4 Bxe4 15. f3 $1
$40 {Once the bishop moves all sorts of things are going to land on e6}) 14.
Rac1 (14. Ncxb5 {Anand} axb5 15. Nxb5 Bxh2+ 16. Kh1 Qb8 $17) (14. g3 {Anand}
Nfxe4 15. Nxe4 Nxe4 $15) 14... Bxh2+ 15. Kh1 Be5 (15... Nxb3 16. axb3 Be5 17.
Nd5 Qb8 18. Nxf6+ gxf6 19. Bh6 $40) (15... O-O {Anand} 16. Bxf6 gxf6 17. g3 $18
) 16. Bxf6 (16. Ncxb5 Qb6 (16... Qe7 17. Nf3 Nxb3 18. axb3 Bb8 19. e5 axb5 20.
Qxb5+ Kf8 21. exf6 gxf6 22. Bh6+ Kg8 23. Qb4 $1 $18) 17. Bxf6 gxf6 18. Rxc5)
16... gxf6 (16... Bxf6 17. Ncxb5 Qb6 (17... axb5 {Anand} 18. Qxb5+) 18. e5 $16)
17. Ncxb5 Qe7 (17... axb5 18. Qxb5+ Qd7 19. Rxc5 $16) (17... Qb6 18. Rxc5) 18.
Rxc5 $1 (18. Nc3 f5 19. Nf3 Bf4 20. Rc2 fxe4 $17) 18... Qxc5 19. Nxe6 fxe6 (
19... Qe7 $2 20. Nbc7+ Bxc7 21. Ba4+ $18) 20. Qh5+ Ke7 (20... Kf8 21. Rd7 Qc1+
22. Bd1 $16) 21. Bxe6 $1 Kxe6 (21... Raf8 $2 22. Rd7+ Kxe6 23. Qf5#) 22. Qg4+
Kf7 23. Rd7+ Qe7 $8 24. Qh5+ Kf8 25. Qh6+ Kf7 26. Rxe7+ Kxe7 27. Qg7+ Ke6 28.
Qg4+ Ke7 (28... Kf7 29. Qd7+ Kg6 30. Qg4+ $10) 29. Qg7+ Ke6 30. Qxb7 (30. f4 $6
{Anand} axb5 (30... Bxf4 31. Nd4+ $16) 31. fxe5 Bxe4 32. Qxf6+ Kd5 33. Qd6+ Kc4
34. b3+ Kc3 35. Qc5+ Kd3 {This looks,if anything, like a losing try for White!}
) 30... axb5 31. Qd5+ Ke7 32. Qb7+ Ke6 33. Qd5+ 1/2-1/2

[Event "Las Palmas"]
[Site "Las Palmas"]
[Date "1993.??.??"]
[Round "5"]
[White "Jussupow, Artur"]
[Black "Anand, Viswanathan"]
[Result "1/2-1/2"]
[WhiteElo "2645"]
[BlackElo "2710"]
[Annotator "Ftacnik,L"]
[PlyCount "55"]
[EventDate "1993.06.??"]
[EventType "tourn"]
[EventRounds "9"]
[EventCountry "ESP"]
[EventCategory "16"]
[SourceTitle "CBM 036"]
[Source "ChessBase"]
[SourceDate "1993.10.01"]
[SourceVersion "1"]
[SourceVersionDate "1993.10.01"]
[SourceQuality "1"]

1. d4 {Anand} d5 2. c4 dxc4 3. Nf3 Nf6 4. e3 e6 5. Bxc4 c5 6. O-O a6 7. Qe2 b5
8. Bb3 Bb7 9. a4 Nbd7 10. axb5 axb5 11. Rxa8 Qxa8 12. Nc3 b4 13. Nb5 Bxf3 (
13... Qb8 14. e4 Bc6 (14... cxd4 15. Nbxd4 (15. Nfxd4 Nc5 16. e5 Nfd7 17. Bf4
Be7 18. Bc2 O-O 19. Re1 Rd8 20. Qg4 Nf8 21. h4 Ng6 22. Bg3 Rd5 23. Re3 Nxe5 24.
Qh5 $40 {Uhlmann,W-Gheorghiu,F/Hastings/1965/1-0 (28)}) 15... Bc5 (15... Be7
16. Bg5 Nxe4 17. Ba4 Bd5 18. Bxd7+ Kxd7 19. Ne5+ Qxe5 20. Qb5+ Kc7 21. Bxe7
Qxd4 22. Rc1+ Nc3 23. bxc3 bxc3 24. Bb4 $36 {Miles,A-Huebner,R/Tilburg/1986/0.
5 (42)}) 16. e5 Nd5 17. Re1 O-O 18. Bc2 g6 19. h4 Rc8 20. Qd3 Bf8 21. h5 Nc5
22. Qd2 Ba6 23. hxg6 hxg6 24. Rd1 $15 {Kozul-Velikov/Graz op (5)/1987/0-1 (29)}
) (14... Nxe4 $5 15. Ng5 $13 {Obukhov,A-Baburin,A/USSR/1989/} Bc6 $1 $8 16. d5
(16. Nxe4 Qxb5 $1 17. Bc4 Qb7 $15) 16... Bxb5 (16... exd5 $6 17. Bxd5 Bxd5 18.
Nxe4 Be7 19. Ned6+ Kf8 20. Bf4 $40) 17. Qxe4 Nf6 $13) 15. Bc4 Nb6 16. b3 Bxe4
17. Ng5 Bd5 18. Re1 Be7 19. dxc5 Bxc5 20. Bb2 Qf4 21. Bxd5 Ng4 22. Bc6+ Ke7 23.
Nf3 Bxf2+ 24. Kh1 $18 {Farago,I-Szekely,M/Hungary (ch)/1968/1-0 (26)}) (13...
Qa5 14. e4 (14. Nd2 Bc6 15. Bc4 Be7 16. e4 O-O {0,5/Kurajica,B-Drasko,M/
Sarajevo/1987/}) (14. Ne5 Nxe5 15. dxe5 Nd7 16. e4 Bc6 17. Nd6+ Bxd6 18. exd6
O-O 19. f4 Bb5 20. Bc4 Bxc4 21. Qxc4 Nb6 22. Qe2 c4 23. Be3 c3 24. bxc3 $10 {
Nadirkhanov-Meister,Y/Barnaul/1988/}) 14... Be7 15. e5 $1 Ne4 16. Rd1 cxd4 17.
Nfxd4 O-O 18. Nxe6 $1 fxe6 19. Bxe6+ $1 Kh8 20. Rxd7 $18 {Meister,Y-Ivanov,VL/
USSR/1991/0.5 (41)}) 14. gxf3 Qb8 15. Rd1 (15. Bd2 {0,5/Miles,A-Seirawan,Y/
Dubai ol/1986/}) 15... Be7 16. e4 (16. f4 {Anand} O-O 17. Bd2) 16... cxd4 (
16... O-O 17. d5 exd5 18. exd5 Re8 19. d6 $16) 17. Nxd4 Bd6 (17... Nc5 18. Nc6
Qc7 19. Bc4 $16) 18. e5 $5 Bxe5 (18... Nxe5 19. f4 Ned7 20. Nxe6 fxe6 21. Qxe6+
Be7 22. Re1 Ng8 23. Ba4 Qd8 (23... Qa7 24. Qc6 $1 Ngf6 25. Qc8+ Kf7 26. Bb3+
$18) 24. Bd2 $18) 19. Nxe6 $1 fxe6 (19... Bxh2+ 20. Kg2 fxe6 21. Qxe6+ Kd8 22.
Bg5 $18) 20. f4 Ke7 (20... Bxf4 21. Qxe6+ Kd8 22. Ba4 Bxh2+ 23. Kh1 Qa7 24.
Bxd7 Nxd7 25. Be3 Qb7+ 26. Kxh2 $16) (20... Bc7 {Anand} 21. Qxe6+ Kd8 22. Ba4
Qc8 23. f5 $1 h6 (23... Re8 24. Bxd7 Nxd7 (24... Rxe6 25. Bxe6+ (25. Bxc8+ Rd6
26. Rxd6+ Bxd6 27. Be6 $16) 25... Nd7 26. Bg5+ Ke8 27. Bxd7+ Qxd7 28. Rxd7 Kxd7
29. f6 $16) 25. Bg5+ $18) 24. Bxh6 $1 (24. Bxd7 Nxd7 25. f6 Re8 26. Qf5 $18)
24... Bxh2+ 25. Kf1) (20... Kf7 $5 {Anand} 21. Re1 $140 Bxf4 22. Qxe6+ Kg6 23.
Bc2+ Kh6 24. Qh3+ Nh5 {Understandably I didn't want to play this at the board})
21. Qc4 (21. fxe5 Qxe5 22. Be3 Rc8 $13) (21. Re1 {Anand} Bc7 $1 22. Qxe6+ Kd8 {
Now that the rook is on e1 White is worse}) 21... Nd5 (21... Qb6 {Anand} 22.
Be3 $1) 22. fxe5 Qxe5 (22... Nxe5 23. Qc5+ Kf6 (23... Qd6 $2 24. Bg5+ Kd7 25.
Ba4+ Nc6 26. Qa7+ Qc7 27. Bxc6+ Kxc6 28. Rc1+ $18) 24. Qd4 $16) 23. Bd2 (23.
Qh4+ {Anand} Kf7 24. Bxd5 exd5 25. Qxb4 Nf6 $10) 23... N7b6 $1 (23... Qxb2 $2
24. Bxb4+ Kf7 25. Rxd5 $1 exd5 26. Qxd5+ Kg6 27. Qd3+ Kh6 28. Bd2+ g5 29. h4
$18) (23... Rb8 {Anand} 24. Re1 $1) 24. Bxb4+ Kf7 25. Qd4 (25. Qb5 Qg5+ 26. Kh1
Qf4 $1) 25... Qxd4 26. Rxd4 Nxb4 27. Rxb4 Nd5 28. Rb7+ (28. Rb7+ {Anand} Kf6
29. Bxd5 {If White allows 29...Nf4 then he will be worse!} exd5 30. Rd7 $10)
1/2-1/2

[Event "Las Palmas"]
[Site "Las Palmas"]
[Date "1993.??.??"]
[Round "9"]
[White "Georgiev, Kiril"]
[Black "Anand, Viswanathan"]
[Result "1/2-1/2"]
[WhiteElo "2660"]
[BlackElo "2710"]
[Annotator "Georgiev,Ki"]
[PlyCount "112"]
[EventDate "1993.06.??"]
[EventType "tourn"]
[EventRounds "9"]
[EventCountry "ESP"]
[EventCategory "16"]
[SourceTitle "CBM 036"]
[Source "ChessBase"]
[SourceDate "1993.10.01"]
[SourceVersion "1"]
[SourceVersionDate "1993.10.01"]
[SourceQuality "1"]

1. d4 {Hertneck} d5 2. c4 c6 3. Nf3 Nf6 4. Nc3 dxc4 5. a4 Bf5 6. Ne5 e6 7. f3
Bb4 8. e4 Bxe4 9. fxe4 Nxe4 10. Bd2 (10. Qf3 $10) 10... Qxd4 11. Nxe4 Qxe4+ 12.
Qe2 Bxd2+ 13. Kxd2 Qd5+ 14. Kc2 Na6 15. Nxc4 O-O-O 16. Qe5 f6 17. Qe3 Kb8 18.
Be2 Qxg2 19. Rhg1 Qxh2 20. Rxg7 Nb4+ 21. Kb3 Nd5 22. Qf3 Qh4 (22... Qf4 23. Rf1
Qd4 24. Qf2 Qxf2 25. Rxf2 $14 {Shirov,A-Bareev,E/Biel/1991/}) (22... Qf4 {
Hertneck is the mainline}) 23. a5 Qd4 24. Rc1 $5 (24. a6 b5 25. Na5 Qb4+ 26.
Kc2 Qc5+ 27. Kb3 Qb4+ 28. Kc2 Qc5+ 29. Kb3 Qb4+ {Hertneck,G-Finegold,B/BL/
1989-90/}) 24... e5 (24... Qf4 $5) (24... f5 $2 {Hertneck} 25. Qg3+ f4 26. Qg5
$1 $16) 25. Ka2 Rdg8 26. Rf7 Rf8 27. Rg7 Rfg8 28. Rcg1 (28. Qg3 Rxg7 29. Qxg7
Rd8 30. Qxh7 $13) 28... Qxg1 $2 (28... Rxg7 29. Rxg7 Qc5 30. Qf5 $14) 29. Rxg1
Rxg1 30. Ne3 $2 (30. a6 $1 b6 (30... Nb4+ 31. Kb3 Nxa6 32. Qxf6 Rhg8 33. Nxe5
Nc7 34. Bf3 $16) (30... bxa6 31. Qa3 Rd8 32. Na5 Rc1 33. Bc4 $18) 31. Ne3 $18)
30... Nxe3 31. Qxf6 (31. Qxe3 Re1 32. Qf2 Rxe2 33. Qxe2 a6 34. Qf3 Rd8 35. Qxf6
Rd5 $10) 31... Re8 32. Qf2 Rg4 $3 33. a6 (33. Qxe3 Ra4+ 34. Kb3 Rxa5 $10) 33...
Ra4+ 34. Kb3 Rxa6 $1 35. Bxa6 Nd5 $10 (35... bxa6 {Hertneck} 36. Qxe3 Kb7 37.
Qd3 $16) 36. Bc4 e4 37. Qf7 Rd8 38. Qxh7 e3 39. Qh2+ Ka8 40. Qe5 a6 41. Qe4 Rf8
42. Bxd5 cxd5 43. Qxe3 Rc8 44. Qe6 Rc6 45. Qxd5 Rb6+ 46. Ka3 Rb5 47. Qd4 Kb8
48. b3 Ka8 49. Kb2 Kb8 50. Kc3 Ka8 51. Kc4 Kb8 52. b4 Kc7 53. Qf4+ Kb6 54. Qb8
Rh5 55. Kb3 Rb5 56. Ka4 Rd5 1/2-1/2

[Event "Interzonal-16"]
[Site "Biel"]
[Date "1993.??.??"]
[Round "1"]
[White "Anand, Viswanathan"]
[Black "Portisch, Lajos"]
[Result "1/2-1/2"]
[WhiteElo "2725"]
[BlackElo "2585"]
[Annotator "Wolff,P"]
[PlyCount "113"]
[EventDate "1993.07.16"]
[EventType "swiss"]
[EventRounds "13"]
[EventCountry "SUI"]
[SourceTitle "CBM 037"]
[Source "ChessBase"]
[SourceDate "1993.12.01"]
[SourceVersion "1"]
[SourceVersionDate "1993.12.01"]
[SourceQuality "1"]

1. e4 c5 2. Nf3 e6 3. d4 cxd4 4. Nxd4 a6 5. Nc3 Qc7 6. Be3 Nc6 7. Qd2 $5 Nf6 (
7... b5 $6 8. Nxc6 $1 Qxc6 9. f3 $5 Bb4 10. Qd4 (10. Bd4 $1 f6 (10... Nf6 $140
11. Qg5 $1)) 10... Bxc3+ 11. bxc3 f6 12. c4 Ne7 13. Qc5 Qxc5 14. Bxc5 bxc4 15.
Bxc4 Bb7 16. Rb1 $14 {Frolov-Kalesis, Biel (5)}) 8. f3 Ne5 9. O-O-O Bb4 (9...
Nc4 10. Bxc4 Qxc4 11. Bg5 $5 Bb4 12. Nde2 $14) 10. Nb3 b5 (10... Bxc3 11. Qxc3
Qxc3 12. bxc3 b5 (12... d5 13. Bd4 Ned7 14. exd5 $16) 13. Bc5 $5 $16) (10...
Nc4 11. Bxc4 Qxc4 12. Bd4 $16) 11. Bd4 {/\ Qg5} h6 12. Kb1 Nc4 13. Qf2 O-O (
13... Na3+ $5 14. Kc1 $13 (14. bxa3 Bxc3) (14. Ka1 e5 $1 15. Bb6 $140 Qxc3 $1))
14. Qg3 Bd6 15. Qe1 Be5 16. Bxe5 Qxe5 17. Qg3 $1 $14 Qxg3 18. hxg3 Ne3 19. Rd6
Ne8 20. Rd3 Nc4 21. a4 Ne5 22. Rd2 b4 23. Na2 Nc6 24. Nd4 Nxd4 25. Rxd4 a5 26.
Bb5 $16 {Black's queenside pawns are weak.} Nf6 27. Rhd1 Rd8 28. c3 bxc3 29.
Nxc3 Ra7 30. e5 Ne8 31. Ne4 Kf8 32. Ka2 Ke7 33. Nd6 Nxd6 34. exd6+ Ke8 35. Rc4
(35. Rg4 $5 g6 $1 (35... Kf8 36. Rc4 $1) 36. Rh1 Kf8 $1 $8 (36... h5 37. Rxh5)
37. Rxh6 Kg7 {This is not trivial for White to win.}) 35... Ba6 36. Rc7 Raa8
37. Rdc1 $2 (37. Ka3 $1 Bxb5 38. axb5 Rdb8 39. Ka4 $18) 37... Bxb5 38. axb5
Rab8 39. R1c5 Rb6 40. Ka3 Rxd6 41. Ka4 Ke7 42. Rc8 Rd2 43. Rc2 Rxc2 44. Rxc2 d5
45. b6 d4 46. Kb5 d3 47. Rd2 e5 48. b7 f5 49. Rxd3 Rxd3 50. b4 Rd5+ 51. Kc6
Rd6+ 52. Kc5 Rd8 53. bxa5 e4 54. fxe4 fxe4 55. a6 e3 56. a7 e2 57. b8=Q 1/2-1/2

[Event "Interzonal-16"]
[Site "Biel"]
[Date "1993.??.??"]
[Round "9"]
[White "Anand, Viswanathan"]
[Black "Dreev, Alexey"]
[Result "1/2-1/2"]
[WhiteElo "2725"]
[BlackElo "2570"]
[Annotator "Wolff,P"]
[PlyCount "66"]
[EventDate "1993.07.16"]
[EventType "swiss"]
[EventRounds "13"]
[EventCountry "SUI"]
[SourceTitle "CBM 037"]
[Source "ChessBase"]
[SourceDate "1993.12.01"]
[SourceVersion "1"]
[SourceVersionDate "1993.12.01"]
[SourceQuality "1"]

1. e4 e6 2. d4 d5 3. Nc3 Nf6 4. e5 Nfd7 5. f4 c5 6. Nf3 Nc6 7. Be3 Qb6 (7...
cxd4 8. Nxd4 Qb6 9. Qd2 Qxb2 10. Rb1 Qa3 11. Bb5 Nxd4 12. Bxd4 Bb4 13. O-O O-O
14. Rb3 Qa5 15. Qe3 Nb6 16. Qg3 Nc4 {1/2-1/2, Ivanchuk,V-Dreev,A Biel izt (3)
1993. One would think that White has enough compensation, but I guess neither
player wanted to take any chances!}) 8. Na4 Qa5+ 9. c3 c4 {A stodgy and
unambitious line by Black, but it keeps his disadvantage to a minimum.} (9...
cxd4 10. b4 Nxb4 11. cxb4 Bxb4+ 12. Bd2 Bxd2+ 13. Nxd2 g5 14. Rb1 $1 a6 (14...
gxf4 15. Bb5 a6 16. Bxd7+ Bxd7 17. Nb6 $16 {Kalegin,E}) 15. Nb2 $5 (15. Bd3 {
Two recent games of Kalegin have shown that this move is dangerous, too!} gxf4
16. O-O Nxe5 (16... b5 17. Nb2 Nxe5 18. Rxf4 $16 {Kalegin,E-Chigvintsev 56/
(305)}) 17. Nb6 Rb8 18. Nxc8 Rxc8 19. Rxb7 Nxd3 20. Qh5 O-O 21. Ne4 $1 $18 {
Kalegin,E-Okotchnik 56/(305).}) 15... Nc5 (15... gxf4 16. Nd3 $16 Qxa2 $140 $4
17. Ra1 $18) 16. Bd3 Bd7 17. O-O Qxa2 18. fxg5 Qa3 19. Nf3 a5 20. Qe2 Nb3 21.
Bb5 Bc6 22. Na4 O-O 23. Qd3 $18 {Kuczynski,R-Dolmatov,S Polanica Zdroj (7)})
10. b4 Qc7 11. Be2 Be7 12. O-O b5 (12... f5 13. Ng5 Nf8 14. g4 $14 h6 15. Nh3
fxg4 16. Bxg4 g6 17. b5 Nd8 18. f5 $2 exf5 19. Bf3 Be6 20. Nf4 Bg5 21. Nc5 Bxf4
22. Bxf4 Qe7 23. Qe2 Nf7 $17 {Kamsky,G-Bareev,E Biel izt (10) 1993}) 13. Nc5
$14 a5 14. a3 Nxc5 15. dxc5 O-O 16. Nd4 Nxd4 17. Bxd4 Bd7 18. Qd2 axb4 19. axb4
Rxa1 20. Rxa1 Qb7 21. Qa2 $2 {Even if Black should infiltrate along the a-file,
there is nothing there to do so White should continue the attack against the
king.} Bc6 22. Bg4 Ra8 23. Qxa8+ $6 {Ending all hopes to play for a win.} Qxa8
24. Rxa8+ Bxa8 25. f5 exf5 26. Bxf5 Bc6 27. Kf2 Bd8 28. g3 Bc7 29. h4 g6 30.
Bc8 Kf8 31. e6 Ke7 32. exf7 Kxf7 33. g4 h6 1/2-1/2

[Event "Groningen PCA"]
[Site "Groningen"]
[Date "1993.??.??"]
[Round "9"]
[White "Anand, Viswanathan"]
[Black "Adams, Michael"]
[Result "1/2-1/2"]
[WhiteElo "2725"]
[BlackElo "2630"]
[Annotator "Dautov,R"]
[PlyCount "108"]
[EventDate "1993.12.??"]
[EventType "swiss"]
[EventRounds "11"]
[EventCountry "NED"]
[SourceTitle "CBM 039"]
[Source "ChessBase"]
[SourceDate "1994.04.01"]
[SourceVersion "1"]
[SourceVersionDate "1994.04.01"]
[SourceQuality "1"]

1. e4 {Hansen,Cu} c6 2. d4 d5 3. exd5 cxd5 4. c4 Nf6 5. Nc3 e6 6. Nf3 Bb4 7.
Bd3 dxc4 8. Bxc4 O-O 9. O-O Nbd7 10. Bg5 Bxc3 11. bxc3 Qc7 12. Qd3 (12. Bd3
Qxc3 13. Rc1 Qa5 14. Ne5 Qd5 $13 (14... Nxe5 {Hansen,Cu} 15. Rc5 Qa3 16. dxe5
Qxc5 17. Bxf6 $40 {Dolmatov,S-Speelman,J/Hastings/1989/})) (12. Qe2 b6 13. Rfc1
Bb7 14. Bd3 Rac8 15. c4 h6 16. Bh4 (16. Bd2 $5 $14) 16... Nh5 17. Qe3 Qf4 18.
Bg3 Qxe3 19. fxe3 Nxg3 20. hxg3 $14 {Cabrilo-Mirkovic/Beograd/1991}) (12. Bb3 {
Hansen,Cu} b6 13. Re1 Bb7 14. Rc1 Ne4 15. Bh4 Qf4 16. Qd3 Ndf6 $10 {
Velimirovic,D-Ciric,D/Bela Crkva/1984/}) 12... b6 13. Bb3 (13. Bh4 Nh5 (13...
Bb7 $5) 14. Ng5 Ndf6 15. Bg3 Qc6 16. Bb5 Qd5 17. Be5 Bb7 18. f3 h6 19. c4 Qd8
20. Nh3 $16 {Gulko-Tatai/Roma/1988}) 13... a5 $6 (13... Bb7 14. Rfe1 (14. Bh4
$14 {Hansen,Cu}) 14... Rac8 15. Rac1 h6 (15... Rfd8 {Hansen,Cu} 16. Qe3 Qc6 17.
c4 $14 {Georgadze,G-Fossan,E/Gausdal Peer Gynt/1992/}) 16. Bh4 (16. Bd2 Rfd8
$10) 16... Nh5 17. Bc2 (17. c4 Qf4 18. Bc2 Ndf6 19. Bg3 Nxg3 20. hxg3 Qc7 $10)
17... Ndf6 $132) 14. Rac1 $1 (14. a4 $5 Ba6 (14... Bb7 $142 $13) 15. c4 Rac8
16. Rac1 $14) 14... a4 15. Bc4 Bb7 16. Bb5 (16. Nd2 Ra5 {/\} 17. Bh4 Rh5 18.
Bg3 Qc6 19. Qf3 (19. f3 $4 b5 $19) 19... Qxc4 $1 20. Nxc4 Bxf3 21. gxf3 $10)
16... Bc6 (16... Ng4 17. Bh4 $1 Bxf3 18. Bg3 Qb7 19. Qxf3 Qxf3 20. gxf3 Ngf6
21. c4 $16 {^^,><a4}) 17. Bxc6 Qxc6 18. c4 h6 19. Bf4 $14 Rfd8 20. Rfe1 Rac8
21. h3 Qb7 {/\Rc6,Rdc8} 22. Qa3 $1 {><a4} Qa6 (22... b5 $2 23. Qb4 $16) 23. Qb4
Rc6 24. Nd2 Nf8 (24... Rdc8 {Hansen,Cu} 25. Rb1 $14) 25. Be3 Ng6 26. Rb1 $1 {
/\Qa3,Rb4} Qa8 {/\<=>/^a8-h1} (26... Nh4 $2 27. d5 $1 exd5 28. cxd5 Nxd5 29.
Qxh4 $18) 27. g3 (27. Rec1 $2 Nh4 $1 28. d5 exd5 29. cxd5 Nxd5 30. Qxh4 Rxc1+
31. Rxc1 Nxe3 32. fxe3 Rxd2 $17) 27... Rd7 28. Qa3 Ne7 29. Rb4 $16 Nf5 $5 (
29... Ra7 30. Reb1 (30. d5 {Hansen,Cu} exd5 31. Bxb6 Ra6 $13) 30... Ra6 31. Nf3
Ng6 (31... Nf5 32. Ne5 Rd6 33. c5 bxc5 $2 34. Rb8+ $18) 32. Qd3 $1 $16 {
/\Ne5,/\d5}) 30. Rxa4 Qb7 31. Nf3 $6 (31. Ra8+ $1 Kh7 (31... Rc8 32. Rxc8+ Qxc8
33. Qb2 $16) 32. Qf8 {/\Nf3-e5} Rcd6 (32... Nxd4 33. Bxd4 Rxd4 34. Nf3 $18) (
32... Nxe3 33. Qh8+ Kg6 34. Nf3 $1 Nxc4 35. Nh4+ Kh5 36. Qxg7 $18) (32... Rdc7
33. Qh8+ Kg6 34. Nf3 Rc8 35. Ne5+ Kh5 36. g4+ Kh4 37. Kh2 Nxg4+ 38. hxg4 Rxh8
39. f4 Nxe3 40. Rxe3 $18) 33. d5 $1 Nxe3 (33... exd5 34. Nf3 Re6 35. Qh8+ Kg6
36. g4 Nxe3 37. Nh4+ Kg5 38. Qxg7+ $18) 34. Nf3 Nxc4 35. Qh8+ Kg6 36. Nh4+ Kh5
37. Qxg7 $18) 31... Rc8 32. Ne5 Rdc7 (32... Rdd8 $2 {Hansen,Cu} 33. Ra7 $16)
33. Rb4 (33. Qd3 $5 {Hansen,Cu} Nd7 34. Bf4 $16) 33... Nd7 $132 34. Nxd7 (34.
c5 $6 {Hansen,Cu} Rxc5 35. Nxd7 (35. dxc5 Nxe5 $40) 35... Rc3 36. Qa4 Nxe3 37.
fxe3 Qf3 $17) 34... Rxd7 35. d5 (35. c5 $6 Qf3 $1 (35... Qe4 {Hansen,Cu} 36.
cxb6 Nxd4 $132) 36. cxb6 Nxg3 $1) 35... Nxe3 36. Qxe3 exd5 37. Rxb6 Qa8 38.
cxd5 Rxd5 39. Qb3 (39. Rb2 Ra5 40. Ree2 Ra3 41. Qf4 Ra4 42. Qd2 Rd4 $1 $132)
39... Re5 $1 40. Rd1 Re2 41. a4 (41. Rb7 {Hansen,Cu} Qxa2 $10) 41... Qe4 {
/\Rxf2} 42. Rb8 Rxb8 43. Qxb8+ Kh7 $10 44. Qb3 (44. Qb1 Qxb1 45. Rxb1 Ra2 46.
Rb4 g5 $10) (44. Qb5 Qf3 45. Rf1 g6 46. a5 Ra2 47. a6 Qf6 $10) 44... Qf5 45.
Rf1 Rd2 (45... Qxh3 $4 {Hansen,Cu} 46. Qd3+) 46. h4 h5 47. Qb6 Ra2 48. Qd4 Qg4
49. Qd5 (49. Qd3+ {Hansen,Cu} f5 $10 (49... g6 $2 50. Qd5)) 49... Rxa4 50. Qxf7
Qg6 51. Qe7 Re4 52. Qd8 Re2 53. Rc1 Qf5 54. Qd4 Qe4 1/2-1/2

[Event "Frankfurt Chess Classic sim"]
[Site "Frankfurt"]
[Date "1994.??.??"]
[Round "?"]
[White "Anand, Viswanathan"]
[Black "Schnitzspan, Lothar"]
[Result "1/2-1/2"]
[WhiteElo "2715"]
[BlackElo "2305"]
[PlyCount "80"]
[EventDate "1994.??.??"]
[EventType "simul"]
[EventRounds "1"]
[EventCountry "GER"]
[SourceTitle "EXT 2002"]
[Source "ChessBase"]
[SourceDate "2001.11.25"]
[SourceVersion "1"]
[SourceVersionDate "2001.11.25"]
[SourceQuality "1"]

1. d4 Nf6 2. c4 g6 3. Nf3 Bg7 4. Nc3 d5 5. Qb3 dxc4 6. Qxc4 O-O 7. e4 Na6 8.
Be2 c5 9. d5 e6 10. O-O exd5 11. exd5 Re8 12. Rd1 Bf5 13. d6 h6 14. Bf4 Qb6 15.
Be5 Be6 16. Qh4 Qd8 17. Qa4 Nb4 18. Bb5 Nd7 19. a3 a6 20. Bxg7 axb5 21. Qxb5
Nc2 22. Rac1 Nxa3 23. bxa3 Kxg7 24. Qxb7 Rxa3 25. Nd5 Rxf3 26. Nc7 Rf4 27. Re1
Rf6 28. Nxe8+ Qxe8 29. Ra1 Nf8 30. Ra8 Bc8 31. Rxe8 Bxb7 32. Rxf8 Bxa8 33. d7
Ra6 34. h3 Kxf8 35. d8=Q+ Kg7 36. Qc8 Ra5 37. Kh2 c4 38. Qxc4 Rf5 39. Qd4+ Kh7
40. f3 Bxf3 1/2-1/2